Top 100 Chaine Youtube Française (Octobre 2020) - Statistiques

Statistiques générales
  • Ce quiz a été pris 1 599 fois
  • Le résultat moyen est 15 sur 100
Statistiques - réponses
Abonnée Réponse % Correct
15.1m Squeezie
96%
13.8m Cyprien
90%
4.72m Michou
72%
2.82m Inoxtag
70%
6.64m Amixem
63%
7.68m Tibo Inshape
63%
12.1m norman fait des video
61%
2.75m Mastu
56%
3.81m Joyca
55%
5.16m Natoo
50%
5.66m Mister v
41%
3.05m LeBouseuh
39%
3.65m Gotaga
38%
7.39m Lama faché
36%
5.24m Le rire jaune
31%
4.55m SEB
30%
7.06m Remi Gaillard
27%
5.84m McFly & Carlito
25%
3.44m Pierre Croce
25%
3.65m Enjoyphoenix
22%
4.58m Cyril.mp4
18%
4.73m Hugo Posay
18%
3.47m Joueur du Grenier
18%
3.38m Vodk
18%
3.65m Andy
16%
4.1m Fastgoodcuisine
16%
3.4m Squeezie Gaming
16%
9.06m Gims
15%
3.58m TheKairi78
15%
7.2m L'algerino
14%
3.68m Dr Nozman
13%
4.54m IbraTV
13%
3.45m Le Monde à l'envers
13%
3.38m Furious Jumper
12%
5.16m Swan & Néo
12%
3.66m Palmashow
10%
3.39m Studio Bagel
10%
4.59m Anas
9%
3.61m Golden Moustache
9%
3.48m Greg Guillotin
9%
3.29m Lasalle
9%
3.64m Le Woop
9%
2.98m Sananas
9%
6.57m ChilledCow
8%
2.57m Poisson Fécond
8%
6.48m Bigorneaux & Coquillages
7%
5.63m Brico Sympa
7%
3.75m L'atelier de Roxane
7%
3.31m Lolywood
7%
5.1m Nancy Ajram
7%
5.51m Sympa
7%
4.9m Aya nakamura
6%
4.62m Dadju
6%
4.97m DORETDEPLATINE
6%
3.67m Mhd Officiel
6%
3.57m GameMixTreize
5%
4.62m Lartiste
5%
4.87m Monde des titounis
5%
3.29m Ninho
5%
4.94m Niska Officiel
5%
8.07m Oggy
5%
4.8m PNL
5%
5.53m Thesoundyouneed
5%
4.19m BlackM
4%
3.4m Cauet
4%
4.61m SkyrockFM
4%
2.67m Astuce de Panda
3%
4.05m Disney FR
3%
3.06m Guillaume Pley
3%
3.57m Lachainedejeremy
3%
2.87m Mrantoinedaniel
3%
2.63m PSG
3%
3.84m Soprano Officiel
3%
3.33m B20baOfficiel
2%
3.22m Cheb Bilal
2%
3.84m Daft Punk
2%
3.01m Kendji Girac
2%
3.17m Lafouine
2%
2.83m Les parodies Bros
2%
3.82m Masha et Michka
2%
7.24m Soolkingofficiel
2%
2.81m Bigflo & Oli
1%
5.1m Born2kill
1%
2.73m Disney Channel FR
1%
3.73m FilmsActu
1%
2.83m France 24
1%
3.94m Maitre Gims vevo
1%
3.01m Marwa Loud
1%
2.63m Peppa Pig Français
1%
3.23m provisound
1%
3.03m Ubisoft
1%
3.14m Wassfreestyle
1%
3.04m Yotips
1%
3.57m Amr Maskoun
0%
4.83m Arabian Fairy Tales
0%
3.2m Freememeskids
0%
5.59m Kader Japonais Officiel
0%
2.95m Mok Said
0%
2.69m Primitive Tool
0%
2.59m Sara'h
0%
Aucun quiz correspondant
Distribution des résultats
% des personnes avec chaque résultat
Percentile par nombre de réponses
Votre historique - résultats
Vous n’avez pas pris ce quiz